000 01073cam a2200361 i 4500
001 4190374
003 GZU
005 20260424074216.0
008 800828s1981 paua b 001 0 eng
010 _a 80023393
020 _a0803641508
020 _a9780803641501
022 _a.
035 _a4190374
040 _aDLC
_cDLC
_dGZULib
050 0 0 _aRC386.2
_b.GIL 1981
100 1 _aGilman, Sid.
_eauthor
245 1 0 _aDisorders of the cerebellum /
_cSid Gilman, James Bloedel, Richard Lechtenberg.
260 _aPhiladelphia :
_bF.A. Davis Co.,
_cc1981.
300 _aix, 415 pages :
_billustrations ;
_c26 cm.
336 _atext
_btxt
_2rdacontent
337 _aunmediated
_bn
_2rdamedia
338 _avolume
_bnc
_2rdacarrier
440 0 _aContemporary neurology series ;
_v21
504 _aIncludes bibliographies and index.
505 _a.
520 _a.
650 0 _aCerebellum
_xDiseases.
650 2 _aCerebellar diseases.
700 1 _aBloedel, James R.
_eauthor
700 1 _aLechtenberg, Richard.
_eauthor
942 _2lcc
_cBK
_h386.2
_iGIL
_kRC
999 _c11768
_d11768